Datum a čas kvízu
21.5
Celkem bodů
Celkový počet nahraných bodů na tomto kvízu bez doplňovacích otázek.
7.
Pořadí na kvízu
Konečné umístění týmu na tomto kvízu.
Zaznamenané odpovědi
| # | Otázka | Odpověď | Body | Výsledky |
|---|---|---|---|---|
| 1. | Jak se jmenuje politik, který... | Marian Jurečka | 1 | |
| 2. | Na Slovensku byl přetřásán stř... | Ministerstvo životního prostředí | 0 | |
| 3. | V pondělí jsme zažili údajně n... | Blue Monday | 0 | |
| 4. | Do švýcarského městečka Davos... | Světové ekonomické fórum (WEF) | 1 | |
| 5. | Jak se jmenuje český krasobrus... | Michal Březina | 0 | |
| 6. | Jelikož se o ostrovech zmiňuje... | D) zaťatou pěst se vztyčeným ukazováčkem | 0 | |
| 7. | Jak se nazývá ostrov, na němž... | Borneo | 0 | |
| 8. | Obcí, částí obcí či měst s náz... | Ostrov nad Ohří | 1 | |
| 9. | Ostrovačice v okrese Brno-venk... | Amerika | 0 | |
| 10. | Jak se jmenoval německý patolo... | Paul Langerhans | 1 |